Reichs tags Reden

Enregistré dans:
Détails bibliographiques
Auteur principal: Stresemann, Gustav (Auteur)
Format: Livre
Langue:allemand
Publié: Bonn Az Studio 1972
Sujets:
Tags: Ajouter un tag
Pas de tags, Soyez le premier à ajouter un tag!

MARC

LEADER 00000nam a2200000 a 4500
001 UCN9909
003 CL-VaPUC
008 011221e19720000GW |||||||||||||||||ger|d
082 0 4 |a 328.0943  |b STR  |2 21 
100 0 |a Stresemann, Gustav  |e author  |9 466400 
245 1 0 |a Reichs tags Reden 
300 |a 303 p 
942 |c BK 
945 |d 20011221 00:00:00  |a crobeson 
260 |a Bonn  |b Az Studio  |c 1972 
650 0 |a Poder legislativo  |9 258808 
650 7 |a POLITICA Y GOBIERNO - 1907-1929  |2 CL-VaPUC  |9 466401 
651 0 |a Alemania  |9 255688 
583 |a last modification  |c 20011221 00:00:00  |k Rodrigo Vera 
999 |c 299005  |d 299003 
952 |0 0  |1 0  |4 0  |6 328_094300000000000_STR_1972  |7 0  |8 A  |9 355126  |a BIBHIS  |b BIBHIS  |d 2019-11-21  |i 3754294  |o 328.0943 STR 1972  |p 3754294  |r 2025-01-20  |w 2019-11-21  |y BK  |k HIS